Hỏi - đáp môn lịch sử Đảng Cộng sản Việt Nam
v.v...
Đã lưu trong:
| Tác giả chính: | |
|---|---|
| Định dạng: | Sách |
| Năm xuất bản: |
H.
Đại học Quốc gia
2007
|
| Chủ đề: | |
| Tags: |
Thêm thẻ
Không có thẻ, Hãy là người đầu tiên gắn thẻ bản ghi này!
|
| LEADER | 00658nam a2200169 4500 | ||
|---|---|---|---|
| 082 | |a 335.4346 |b B510K | ||
| 100 | |a Bùi Kim Đỉnh | ||
| 245 | |a Hỏi - đáp môn lịch sử Đảng Cộng sản Việt Nam |c Bùi Kim Đỉnh, Nguyễn Quốc Bảo | ||
| 260 | |a H. |b Đại học Quốc gia |c 2007 | ||
| 300 | |a 163 tr. |c 19 cm. | ||
| 520 | |a v.v... | ||
| 653 | |a Đảng Cộng sản Việt Nam | ||
| 653 | |a Lịch sử | ||
| 653 | |a Hỏi đáp | ||
| 942 | |2 ddc |c SH | ||
| 999 | |c 8805 |d 8805 | ||
| 952 | |0 0 |1 0 |2 ddc |4 0 |6 335_434600000000000_B510K |7 0 |8 300 |9 71682 |a qbu |b qbu |c D2 |d 2015-05-01 |g 32000 |o 335.4346 B510K |p 8810.c1 |r 0000-00-00 |w 2015-05-01 |y SH |0 0 |6 335_434600000000000_B510K | ||